| 000 | 00747nam a2200253 a 4500 | ||
|---|---|---|---|
| 001 | 25170 | ||
| 003 | CO-ViMGA | ||
| 008 | 141112s2004 ck r 000 u spa d | ||
| 015 | _ack - 2012 - xxxx | ||
| 020 | _a9789588257839 | ||
| 040 |
_aCO-ViMGA _bspa _cCO-ViMGA |
||
| 082 | 0 | 4 | _a808.068 |
| 100 | 1 |
_aChopin, Kate _928954 |
|
| 245 | 1 | 0 |
_aUna mujer respetable [braille] / _cKate Chopin |
| 250 | _a1a. ed. | ||
| 260 |
_aBogotá : _bINCI, _c2012 |
||
| 300 | _a33 p. ; 25 cm. | ||
| 490 | _aLibro al viento | ||
| 500 | _aTexto en imprenta y braille | ||
| 598 | _aNEW - GRAL | ||
| 650 | 1 | 4 |
_aCuentos Estadounidenses _92727 |
| 942 |
_2ddc _cBK |
||
| 990 | _aInstituto Nacional para Ciegos, INCI 3 vols. (2 ej. de cada uno) 21 09/05/2012 n a808658 | ||
| 999 |
_c32797 _d32797 |
||